| 000 | 00644nam a2200217 a 4500 | ||
|---|---|---|---|
| 001 | 5900 | ||
| 003 | CDMR | ||
| 005 | 20131009141411.0 | ||
| 008 | 130220s1999||||||||||||||||||||||||||||d | ||
| 020 | _a8482566245 | ||
| 040 |
_aCDMR _bcat _cCDMR |
||
| 100 | 1 |
_aFontserè, Carles _9330 |
|
| 245 | 1 | 3 |
_aUn exiliat de tercera _b: a París durant la Segona Guerra Mundial _cCarles Fontserè |
| 260 |
_aBarcelona _bProa _c1999 |
||
| 300 |
_a472 p ; _c20 cm |
||
| 490 | 0 |
_aMemòria _v8 |
|
| 600 | 1 |
_9330 _aFontserè, Carles _vBiografia |
|
| 650 | 0 | 4 |
_aPeriodistes catalans _vBiografia _93139 |
| 650 | 0 | 4 |
_aGuerra Mundial II, 1939-1945 _93587 |
| 942 |
_cMON _2udc |
||
| 999 |
_c5900 _d5900 |
||